[Event "FRA T.IV"]
[Site "Toulouse"]
[Date "2005.11.20"]
[Round "2"]
[White "Condeminas, Christian"]
[Black "Druet, Alain"]
[Result "1-0"]
[WhiteElo "1770"]
[BlackElo "1499"]
[PlyCount "89"]
[EventDate "2005.??.??"]
[EventType "team-match"]
[EventCountry "FRA"]

1. e4 e6 2. d4 c5 3. d5 d6 4. Bb5+ Bd7 5. Bxd7+ Nxd7 6. c4 e5 7. Nc3 Ngf6 8.
Nge2 Be7 9. Ng3 g6 10. Bh6 Ng8 11. Bg7 Bf6 12. Bxh8 Bxh8 13. Nb5 Qa5+ 14. Qd2
Qxd2+ 15. Kxd2 Ke7 16. h4 a6 17. Nc3 Nb6 18. b3 Kd7 19. h5 h6 20. hxg6 fxg6 21.
Nf1 Bg7 22. Ne3 Ne7 23. Ng4 Rf8 24. f3 h5 25. Ne3 Bh6 26. Ke2 Rh8 27. Rh2 Bf4
28. Rh3 Bxe3 29. Kxe3 g5 30. Rah1 h4 31. g3 Ng6 32. gxh4 Nf4 33. R3h2 gxh4 34.
Ne2 Nxe2 35. Kxe2 Rg8 36. Kf2 Kc7 37. Rxh4 a5 38. Rh7+ Kb8 39. Rh8 Rxh8 40.
Rxh8+ Ka7 41. Rd8 a4 42. Rxd6 axb3 43. axb3 Ka6 44. f4 Ka5 45. Rxb6 1-0

[Event "FRA T.IV"]
[Site "Toulouse"]
[Date "2005.11.20"]
[Round "2"]
[White "Daourbekov, Said"]
[Black "Blesing, Rene"]
[Result "0-1"]
[WhiteElo "1499"]
[BlackElo "1700"]
[PlyCount "82"]
[EventDate "2005.??.??"]
[EventType "team-match"]
[EventCountry "FRA"]

1. e4 Nf6 2. e5 Nd5 3. Bc4 Nb6 4. Bb3 c5 5. d3 Nc6 6. Nf3 g6 7. Bf4 Bg7 8. c3
O-O 9. Qd2 d6 10. d4 c4 11. Bc2 Bg4 12. Bd1 Bxf3 13. Bxf3 dxe5 14. Bxc6 exf4
15. Bxb7 Rb8 16. Bf3 e5 17. dxe5 Bxe5 18. O-O Na4 19. Qe2 Qc7 20. Re1 Rfe8 21.
Nd2 Nxb2 22. Bd5 Bxc3 23. Qxe8+ Rxe8 24. Rxe8+ Kg7 25. Re2 Qa5 26. Bxc4 Bxd2
27. Bb3 Qg5 28. Kf1 Bc3 29. Rc2 Qc5 30. Rac1 Nd3 31. Rd1 Qd4 32. Ke2 Qe4+ 33.
Kf1 f3 34. gxf3 Qxf3 35. Rxd3 Qxd3+ 36. Kg2 g5 37. h3 h5 38. f3 f5 39. Rf2 Bd4
40. Bc2 Qe3 41. Rf1 Qe2+ 0-1

[Event "FRA T.IV"]
[Site "Toulouse"]
[Date "2005.11.20"]
[Round "2"]
[White "Decorchemont, Julien"]
[Black "De Baralle, Michel"]
[Result "1-0"]
[WhiteElo "1740"]
[BlackElo "1610"]
[PlyCount "59"]
[EventDate "2005.??.??"]
[EventType "team-match"]
[EventCountry "FRA"]

1. c4 Nf6 2. Nc3 c5 3. Nf3 Nc6 4. g3 d6 5. Bg2 g6 6. e3 Bg4 7. Qc2 Qc8 8. a3
Bg7 9. d3 Bh3 10. O-O Bxg2 11. Kxg2 O-O 12. b3 Nd7 13. Bb2 Nce5 14. Nd5 Re8 15.
Nxe5 Nxe5 16. f4 Nd7 17. Bxg7 Kxg7 18. Qb2+ Kg8 19. e4 Qd8 20. f5 Ne5 21. f6
Nc6 22. Qd2 Kh8 23. fxe7 Rxe7 24. Nxe7 Qxe7 25. Qh6 Ne5 26. Qf4 Nxd3 27. Qf6+
Qxf6 28. Rxf6 Re8 29. Rxd6 Rxe4 30. Rxd3 1-0

[Event "FRA T.IV"]
[Site "Toulouse"]
[Date "2005.11.20"]
[Round "2"]
[White "Egea, Claude"]
[Black "Vainguer, Guillaume"]
[Result "1/2-1/2"]
[WhiteElo "1670"]
[BlackElo "1780"]
[PlyCount "91"]
[EventDate "2005.??.??"]
[EventType "team-match"]
[EventCountry "FRA"]

1. e4 e5 2. Nf3 Nc6 3. d4 exd4 4. Bc4 Be7 5. O-O d6 6. Nxd4 Ne5 7. Bb3 a6 8.
Be3 c5 9. Nf3 Bg4 10. Nbd2 Nf6 11. Bd5 Nxd5 12. exd5 Qd7 13. Nxe5 dxe5 14. f3
Bf5 15. Nc4 Rd8 16. Qe2 b5 17. d6 Bxd6 18. Nxd6+ Qxd6 19. Rfd1 Qc6 20. Rxd8+
Kxd8 21. Rd1+ Kc7 22. Bd2 Re8 23. Ba5+ Kb7 24. c4 e4 25. fxe4 Qxe4 26. Qxe4+
Rxe4 27. cxb5 axb5 28. Rd5 Be6 29. Rxc5 Ka6 30. b4 Bc4 31. Kf2 Re2+ 32. Kg3
Rxa2 33. Rc6+ Kb7 34. Rd6 Ra3+ 35. Kf4 Ra2 36. Kg3 Bf1 37. Rd7+ Kc6 38. Rxf7
Rxg2+ 39. Kf3 Rxh2 40. Rxg7 h5 41. Rg1 Bd3 42. Kg3 Re2 43. Kh4 Re5 44. Rg5 Rxg5
45. Kxg5 Bg6 46. Bd8 1/2-1/2

[Event "FRA T.IV"]
[Site "Toulouse"]
[Date "2005.11.20"]
[Round "2"]
[White "Fabre, Philippe"]
[Black "Blesing, Alicia"]
[Result "1-0"]
[WhiteElo "1698"]
[BlackElo "1730"]
[PlyCount "103"]
[EventDate "2005.??.??"]
[EventType "team-match"]
[EventCountry "FRA"]

1. e4 c5 2. Nf3 e6 3. d4 cxd4 4. Nxd4 a6 5. Nc3 Nc6 6. Be3 d6 7. Qd2 Nf6 8. f3
Be7 9. g4 Qc7 10. h4 b5 11. O-O-O Bb7 12. Kb1 Ne5 13. h5 Nc4 14. Bxc4 Qxc4 15.
g5 Nd7 16. g6 hxg6 17. hxg6 Rf8 18. gxf7+ Kxf7 19. Bg5 Nf6 20. Nce2 Rh8 21. Ng3
Qc7 22. Rde1 Rxh1 23. Rxh1 d5 24. e5 Qxe5 25. Bf4 Ne4 26. fxe4 Qf6 27. Rf1 Qg6
28. Bg5+ Ke8 29. Bxe7 Kxe7 30. Qf4 Rc8 31. exd5 Bxd5 32. Re1 Kd7 33. Qe5 Rc5
34. Qf4 Rc4 35. Rf1 Rxd4 36. Qxd4 Qxg3 37. Rg1 Qf3 38. Rxg7+ Kc6 39. b4 Kd6 40.
Qc5+ Ke5 41. Qc7+ Ke4 42. Rg3 Qd1+ 43. Kb2 Bc4 44. Qh7+ Ke5 45. Qh8+ Kf5 46.
Qh3+ Ke4 47. Re3+ Kf4 48. Qg3+ Kf5 49. Qe5+ Kg6 50. Rg3+ Kf7 51. Rg7+ Ke8 52.
Qb8+ 1-0

[Event "FRA T.IV"]
[Site "Toulouse"]
[Date "2005.04.11"]
[Round "2"]
[White "Forest, Eric"]
[Black "Sandel, Frieder"]
[Result "1-0"]
[WhiteElo "1760"]
[BlackElo "1490"]
[PlyCount "83"]
[EventDate "2005.??.??"]
[EventType "team-match"]
[EventCountry "FRA"]

1. e4 e5 2. Nf3 Nc6 3. Bb5 Nf6 4. O-O Bc5 5. Bxc6 dxc6 6. Nxe5 Nxe4 7. Qe2 Qd5
8. Nc3 Qxe5 9. Nxe4 O-O 10. d3 Bd6 11. f4 Qe6 12. Be3 Re8 13. Rf3 Qg6 14. Rg3
Qf5 15. Rg5 Qe6 16. Re1 Be7 17. f5 Qd7 18. f6 Bf8 19. fxg7 Be7 20. Qh5 Bxg5 21.
Qxg5 Re6 22. Bd2 Qd4+ 23. Kh1 Bd7 24. Bc3 Qd5 25. Qf4 f5 26. Nf6+ Rxf6 27. Bxf6
Qd6 28. Be5 Qe6 29. a3 Re8 30. h3 c5 31. Bc3 Qf7 32. Rxe8+ Bxe8 33. Kh2 Qd7 34.
Kg1 Bf7 35. Kf2 Be6 36. Qe5 b6 37. Qf6 Qe8 38. Be5 c6 39. h4 b5 40. h5 a6 41.
h6 a5 42. Bd6 1-0

[Event "FRA T.IV"]
[Site "Toulouse"]
[Date "2005.04.11"]
[Round "2"]
[White "Guillet, Yvan"]
[Black "De Biasi, Robert"]
[Result "0-1"]
[WhiteElo "1499"]
[BlackElo "1875"]
[PlyCount "102"]
[EventDate "2005.??.??"]
[EventType "team-match"]
[EventCountry "FRA"]

1. e4 c5 2. Nf3 d6 3. Bc4 e6 4. c3 a6 5. a3 Nf6 6. d3 Nbd7 7. Bg5 Be7 8. h3 b5
9. Ba2 Bb7 10. Nbd2 Qc7 11. Rc1 Rc8 12. Qe2 O-O 13. O-O Rfe8 14. Rfe1 Nf8 15.
d4 Qb6 16. Bb1 Ng6 17. Be3 Qc7 18. b4 c4 19. Nh2 Bc6 20. f4 Qb7 21. e5 Nd5 22.
Rf1 Nxe3 23. Qxe3 Bxg2 24. Rf2 Bc6 25. Ndf3 dxe5 26. fxe5 Nh4 27. Qf4 Ng6 28.
Qg4 f5 29. exf6 Bxf6 30. Re1 Bd7 31. Qh5 Qd5 32. Ne5 Nf8 33. Qg4 Bxe5 34. Rxe5
Qd6 35. h4 Re7 36. h5 Be8 37. Qf4 Rf7 38. Qg3 Rxf2 39. Qxf2 h6 40. Qe3 Nd7 41.
Rxe6 Qf8 42. Qe2 Nf6 43. Rxa6 Bxh5 44. Qe6+ Bf7 45. Qf5 Qe8 46. Nf3 Qe3+ 47.
Kg2 Re8 48. Ne5 Bd5+ 49. Kh2 Qe2+ 50. Kg3 Qg2+ 51. Kf4 Qf2+ 0-1

[Event "FRA T.IV"]
[Site "Toulouse"]
[Date "2005.11.20"]
[Round "2"]
[White "Lacroix, Romain"]
[Black "Devos, Herve"]
[Result "1-0"]
[WhiteElo "2081"]
[BlackElo "1802"]
[PlyCount "75"]
[EventDate "2005.??.??"]
[EventType "team-match"]
[EventCountry "FRA"]

1. e4 d6 2. d4 Nf6 3. Nc3 g6 4. f4 Bg7 5. Nf3 O-O 6. Bd3 c6 7. e5 dxe5 8. fxe5
Nd5 9. Ne2 Bg4 10. O-O Nd7 11. h3 Bxf3 12. Rxf3 Qb6 13. Be4 Rae8 14. c4 Nc7 15.
Rb3 Qa6 16. c5 b5 17. cxb6 axb6 18. Bxc6 Rd8 19. Ra3 Qc4 20. Rc3 Qa6 21. Be3
Nxe5 22. Ra3 Qc8 23. Rc1 Nxc6 24. Rxc6 Qb7 25. Qc2 Nd5 26. Rb3 Rc8 27. Rxc8
Rxc8 28. Qe4 Qd7 29. Bf2 e6 30. Nc3 Nxc3 31. bxc3 f5 32. Qf3 b5 33. Bg3 Rxc3
34. Rxc3 Qxd4+ 35. Qe3 Qxc3 36. Qxe6+ Kh8 37. Qe8+ Bf8 38. Qxf8# 1-0

[Event "FRA T.IV"]
[Site "Toulouse"]
[Date "2005.04.11"]
[Round "2"]
[White "Le Men, Yves"]
[Black "Nenert, Louis"]
[Result "1-0"]
[WhiteElo "1499"]
[BlackElo "1780"]
[PlyCount "45"]
[EventDate "2005.??.??"]
[EventType "team-match"]
[EventCountry "FRA"]

1. e4 d5 2. exd5 Qxd5 3. Nc3 Qa5 4. Nf3 Nf6 5. d4 Bg4 6. Be2 e6 7. O-O Nbd7 8.
a3 c6 9. h3 Bh5 10. Bf4 Nd5 11. Nxd5 cxd5 12. Ne5 Nxe5 13. Bxh5 Ng6 14. Bxg6
hxg6 15. Be5 Qb5 16. Qf3 Qxb2 17. Rab1 Qxc2 18. Rxb7 Qf5 19. Qb3 Bxa3 20. Qxa3
Qg5 21. Bd6 Qd8 22. Qa4+ Qd7 23. Qxd7# 1-0

[Event "FRA T.IV"]
[Site "Toulouse"]
[Date "2005.11.20"]
[Round "2"]
[White "Marni Sandid, Tarik"]
[Black "Riviere, Frederic"]
[Result "0-1"]
[WhiteElo "1720"]
[BlackElo "1900"]
[PlyCount "94"]
[EventDate "2005.??.??"]
[EventType "team-match"]
[EventCountry "FRA"]

1. e4 e5 2. Nf3 d6 3. Nc3 Nf6 4. Be2 Be7 5. O-O O-O 6. d4 exd4 7. Nxd4 c6 8.
Bf4 Be6 9. Nxe6 fxe6 10. Bg3 d5 11. exd5 exd5 12. Bd3 Nbd7 13. Re1 Nc5 14. a3
Nxd3 15. Qxd3 Bd6 16. Re6 Bxg3 17. Qxg3 Qd7 18. Rae1 Rae8 19. Rxe8 Rxe8 20.
Rxe8+ Qxe8 21. f3 Qe7 22. Qf2 d4 23. Qe2 Qxe2 24. Nxe2 c5 25. Nf4 Kf7 26. Kf2
g5 27. Nd3 b6 28. b4 Nd7 29. bxc5 bxc5 30. Kg3 Ke6 31. f4 h6 32. fxg5 hxg5 33.
h4 c4 34. Nc1 gxh4+ 35. Kxh4 Ke5 36. Kg3 Ke4 37. Kf2 Ne5 38. g3 d3 39. cxd3+
Nxd3+ 40. Nxd3 Kxd3 41. Ke1 Kc2 42. g4 Kb2 43. g5 c3 44. Ke2 c2 45. Kf3 c1=Q
46. Kg4 Qc2 47. Kh5 Qh7+ 0-1

[Event "FRA T.IV"]
[Site "Toulouse"]
[Date "2005.11.20"]
[Round "2"]
[White "Moiseyev, Vlas"]
[Black "Serres, Olivier"]
[Result "1-0"]
[WhiteElo "1810"]
[BlackElo "2000"]
[PlyCount "83"]
[EventDate "2005.??.??"]
[EventType "team-match"]
[EventCountry "FRA"]

1. e4 d6 2. d4 Nf6 3. Nc3 g6 4. Bc4 c6 5. a4 Nxe4 6. Nxe4 d5 7. Bd3 dxe4 8.
Bxe4 Bg7 9. Ne2 f5 10. Bf3 e5 11. dxe5 Qxd1+ 12. Kxd1 Bxe5 13. c3 O-O 14. Bh6
Rd8+ 15. Kc2 Na6 16. Nf4 Bxf4 17. Bxf4 Nc5 18. Be3 Ne6 19. Rad1 Rxd1 20. Rxd1
f4 21. Bd4 Nxd4+ 22. Rxd4 Bf5+ 23. Kd2 g5 24. g4 Be6 25. b4 Re8 26. a5 Kf7 27.
Kd3 Rb8 28. c4 h6 29. c5 a6 30. Rd6 Rc8 31. h4 Rc7 32. h5 Kf6 33. Kd4 Rd7 34.
Be2 Rxd6+ 35. cxd6 Bc8 36. f3 Ke6 37. Kc5 Bd7 38. Bd3 Ke5 39. Bf5 Bxf5 40. gxf5
Kf6 41. Kb6 g4 42. d7 1-0

[Event "FRA T.IV"]
[Site "Toulouse"]
[Date "2005.11.20"]
[Round "2"]
[White "Muratet, Lucas"]
[Black "Giuriati, Paolo"]
[Result "0-1"]
[WhiteElo "1840"]
[BlackElo "2236"]
[PlyCount "104"]
[EventDate "2005.??.??"]
[EventType "team-match"]
[EventCountry "FRA"]

1. Nf3 d5 2. c4 c6 3. e3 Nf6 4. Nc3 e6 5. d4 Nbd7 6. Bd3 dxc4 7. Bxc4 b5 8. Bd3
Bb7 9. Qc2 a6 10. a4 Rc8 11. Qe2 Be7 12. O-O Qb6 13. e4 b4 14. a5 Qa7 15. Na4
c5 16. dxc5 Nxc5 17. Nb6 Rd8 18. Bb1 Bxe4 19. Bxe4 Ncxe4 20. Ne5 Qb7 21. Bf4
O-O 22. Rac1 Nc5 23. Be3 Nb3 24. Nc6 Nxc1 25. Rxc1 Rde8 26. Nxe7+ Rxe7 27. Bg5
Rc7 28. Rxc7 Qxc7 29. Qxa6 Ne4 30. Be3 Rd8 31. Qe2 Qe5 32. Nc4 Qd5 33. h3 Qd1+
34. Qxd1 Rxd1+ 35. Kh2 Ra1 36. f3 Nf6 37. Bc5 Nd5 38. Kg3 b3 39. Ba3 Rd1 40. a6
Nc7 41. a7 Na8 42. Kf2 Rd7 43. Ke3 Rxa7 44. Kd3 Rc7 45. Bb4 f6 46. Ba5 Rb7 47.
Kd4 Nc7 48. Bxc7 Rxc7 49. Kc3 Kf7 50. Kxb3 e5 51. Ne3 Ke6 52. Kb4 f5 0-1

[Event "FRA T.IV"]
[Site "Toulouse"]
[Date "2005.04.11"]
[Round "2"]
[White "Nghiem Cong, Luat"]
[Black "Rosiere, Guy"]
[Result "1-0"]
[WhiteElo "2050"]
[BlackElo "1500"]
[PlyCount "79"]
[EventDate "2005.??.??"]
[EventType "team-match"]
[EventCountry "FRA"]

1. e4 e5 2. Nf3 Nc6 3. Bb5 d6 4. d4 Bd7 5. d5 Nb8 6. Bxd7+ Nxd7 7. c4 Be7 8.
Nc3 Ngf6 9. O-O Nc5 10. Qe2 a6 11. b4 Ncd7 12. Be3 Qc8 13. a4 O-O 14. Qc2 Ng4
15. Bd2 Re8 16. h3 Ngf6 17. Ne2 Nf8 18. Ng3 Qd7 19. Be3 Rec8 20. Qd3 c6 21. Nf5
Ne8 22. Rfd1 Ng6 23. c5 Bf8 24. Qb3 Ne7 25. dxc6 Qxc6 26. Ng5 d5 27. Nxe7+ Bxe7
28. exd5 Qg6 29. Nf3 Bf6 30. Rac1 Qf5 31. Qc2 Qd7 32. Qe4 Nc7 33. c6 bxc6 34.
dxc6 Qe6 35. Rd7 Ne8 36. Qd5 Qxd5 37. Rxd5 Rc7 38. Nxe5 Rac8 39. Bb6 Bxe5 40.
Rxe5 1-0

[Event "FRA T.IV"]
[Site "Toulouse"]
[Date "2005.11.20"]
[Round "2"]
[White "Oriot, Patrice"]
[Black "Parpinel, Mario"]
[Result "1-0"]
[WhiteElo "2090"]
[BlackElo "1810"]
[PlyCount "69"]
[EventDate "2005.??.??"]
[EventType "team-match"]
[EventCountry "FRA"]

1. e4 e5 2. Nf3 Nc6 3. Bb5 a6 4. Ba4 Nf6 5. d4 exd4 6. O-O Be7 7. Re1 O-O 8. e5
Nd5 9. Bb3 Nb6 10. Nxd4 Nxd4 11. Qxd4 c5 12. Qe4 d5 13. exd6 Bxd6 14. c4 f5 15.
Qf3 Qc7 16. h3 Bd7 17. Nc3 Bc6 18. Nd5 Qf7 19. Be3 Rae8 20. Qd1 Qg6 21. Qf3 Qf7
22. Rad1 f4 23. Bd2 Bxd5 24. cxd5 c4 25. Rxe8 Rxe8 26. Bc2 Nd7 27. Bc3 b5 28.
Qg4 g6 29. Re1 Ne5 30. Qg5 Nd7 31. Rxe8+ Qxe8 32. Bf5 Ne5 33. Be6+ Kg7 34.
Bxe5+ Bxe5 35. Qxe5+ 1-0

[Event "FRA T.IV"]
[Site "Toulouse"]
[Date "2005.11.20"]
[Round "2"]
[White "Pinault, Mailys"]
[Black "Dirat, Sylvain"]
[Result "0-1"]
[WhiteElo "1440"]
[BlackElo "1750"]
[PlyCount "100"]
[EventDate "2005.??.??"]
[EventType "team-match"]
[EventCountry "FRA"]

1. e4 e5 2. Nc3 Nf6 3. f4 exf4 4. e5 Qe7 5. Qe2 Ng8 6. Nf3 Nc6 7. d4 Qb4 8. Qc4
Qxc4 9. Bxc4 Bb4 10. O-O Nge7 11. Bxf4 O-O 12. Rad1 Nf5 13. Nd5 Ba5 14. c3 Nce7
15. Bg5 Nxd5 16. Bxd5 h6 17. Bc1 d6 18. exd6 Nxd6 19. Ne5 c6 20. Bb3 Bc7 21.
Rf3 Nf5 22. Bc2 Bxe5 23. dxe5 Ne7 24. Rdf1 Be6 25. Be3 Nd5 26. Bc5 Rfd8 27. Bf5
Bxf5 28. Rxf5 b6 29. Ba3 Ne3 30. R5f3 Nxf1 31. Rxf1 c5 32. b4 Rd5 33. bxc5 bxc5
34. Bc1 Rxe5 35. h3 Re2 36. Bf4 Rxa2 37. Rf3 Rd8 38. Kh2 c4 39. Rg3 Rd3 40. Rg4
Kh7 41. Be5 f6 42. Bd4 a5 43. Re4 Rdd2 44. Rg4 Rac2 45. Bb6 a4 46. Rxc4 a3 47.
Ra4 a2 48. c4 Rxc4 49. Rxc4 a1=Q 50. Be3 Rd1 0-1

[Event "FRA T.IV"]
[Site "Toulouse"]
[Date "2005.11.20"]
[Round "2"]
[White "Reynes, Philippe"]
[Black "Lavolle, Olivier"]
[Result "1-0"]
[WhiteElo "1720"]
[BlackElo "1770"]
[PlyCount "59"]
[EventDate "2005.??.??"]
[EventType "team-match"]
[EventCountry "FRA"]

1. e4 e5 2. Nc3 Nc6 3. Nf3 Nf6 4. d3 Bb4 5. Be2 O-O 6. Bg5 Bxc3+ 7. bxc3 d6 8.
Qd2 Be6 9. O-O d5 10. exd5 Bxd5 11. Rfd1 Qd6 12. Rab1 b6 13. a4 Nd7 14. Bh4 h6
15. Bg3 Qe7 16. c4 Be6 17. d4 exd4 18. Nxd4 Nxd4 19. Qxd4 c5 20. Qe3 Rfe8 21.
Bf3 Rad8 22. Bc7 Qh4 23. Bxd8 Rxd8 24. Bc6 Qxc4 25. Rd2 Qg4 26. Rbd1 Kf8 27. h3
Qf5 28. g4 Qg5 29. Qxg5 hxg5 30. Bxd7 1-0

[Event "FRA T.IV"]
[Site "Toulouse"]
[Date "2005.11.20"]
[Round "2"]
[White "Ribou, Jacques"]
[Black "Raynaud, Pascal"]
[Result "1/2-1/2"]
[WhiteElo "1870"]
[BlackElo "1680"]
[PlyCount "125"]
[EventDate "2005.??.??"]
[EventType "team-match"]
[EventCountry "FRA"]

1. d4 Nf6 2. Nf3 d6 3. Nc3 Nbd7 4. e4 c6 5. a4 e5 6. dxe5 dxe5 7. Bc4 Bb4 8.
Bg5 Qc7 9. Qe2 O-O 10. O-O a5 11. Na2 Be7 12. Nc1 Nc5 13. Bxf6 Bxf6 14. Qe3 b6
15. b3 Rd8 16. Nd3 Nxd3 17. Bxd3 Rb8 18. h3 Be7 19. Rfd1 b5 20. axb5 cxb5 21.
c4 Bc5 22. Qg5 f6 23. Qg3 Be6 24. Be2 b4 25. Rxd8+ Rxd8 26. Rd1 Rxd1+ 27. Bxd1
Qd7 28. Be2 a4 29. bxa4 Qxa4 30. Nxe5 Qa1+ 31. Kh2 Qxe5 32. f4 Qxe4 33. Bd3 Qd4
34. Qf3 Qg1+ 35. Kg3 Qe1+ 36. Kh2 Bg1+ 37. Kh1 Be3+ 38. Bf1 Bf2 39. Qd3 b3 40.
Kh2 Bg3+ 41. Qxg3 Qxg3+ 42. Kxg3 b2 43. Bd3 Kf8 44. Kf2 g6 45. g4 h5 46. Kg3
hxg4 47. hxg4 g5 48. fxg5 fxg5 49. Kf3 Bxc4 50. Bb1 Ke7 51. Ke4 Ke6 52. Kd4 Be2
53. Ba2+ Kd6 54. Kc3 Bxg4 55. Kxb2 Bf3 56. Bc4 Ke5 57. Kc3 g4 58. Kd2 g3 59.
Bf1 Kd4 60. Bh3 Bg4 61. Bg2 Ke5 62. Ke3 Bf5 63. Kf3 1/2-1/2

[Event "FRA T.IV"]
[Site "Toulouse"]
[Date "2005.11.20"]
[Round "2"]
[White "Sangoi, Jean Jacques"]
[Black "Moisselin, Jean Marc"]
[Result "1-0"]
[WhiteElo "1760"]
[BlackElo "1499"]
[PlyCount "53"]
[EventDate "2005.??.??"]
[EventType "team-match"]
[EventCountry "FRA"]

1. d4 c5 2. d5 d6 3. c4 Nf6 4. Nc3 e6 5. e4 Be7 6. Bd3 O-O 7. Nge2 Nbd7 8. f4
Nb6 9. O-O exd5 10. exd5 Bg4 11. Qc2 Re8 12. Ng3 Nbd7 13. h3 Bh5 14. Nxh5 Nxh5
15. Bxh7+ Kh8 16. Bd3 Ng3 17. Rf3 Bh4 18. Kh2 Nh5 19. Bd2 Ndf6 20. g4 Nxf4 21.
Bxf4 g5 22. Bd2 Kg7 23. Raf1 Qe7 24. Rxf6 Qe5+ 25. Kh1 Re7 26. Ne2 Rae8 27. Bc3
1-0

[Event "FRA T.IV"]
[Site "Toulouse"]
[Date "2005.11.20"]
[Round "2"]
[White "Schegerin, Andre"]
[Black "Artis, Francois"]
[Result "1-0"]
[WhiteElo "1840"]
[BlackElo "1760"]
[PlyCount "55"]
[EventDate "2005.??.??"]
[EventType "team-match"]
[EventCountry "FRA"]

1. f4 b6 2. Nf3 Bb7 3. b3 e6 4. e3 Be7 5. Bb2 Nf6 6. Be2 d6 7. O-O Nbd7 8. Qe1
O-O 9. h3 h6 10. d3 Rc8 11. Nbd2 c6 12. g4 Nh7 13. Qg3 Qc7 14. h4 Bf6 15. Bxf6
gxf6 16. Kf2 Kg7 17. g5 Rg8 18. gxh6+ Kf8 19. Qh3 Ke7 20. Rg1 Rce8 21. Rg7 Rh8
22. h5 Nhf8 23. Rag1 Rxh6 24. Nh4 f5 25. Ng6+ Nxg6 26. R7xg6 Reh8 27. Qh4+ Nf6
28. Qxf6+ 1-0

[Event "FRA T.IV"]
[Site "Toulouse"]
[Date "2004.11.07"]
[Round "2"]
[White "Schelfhout Melin, Marie"]
[Black "Lefhbali, Sophiane"]
[Result "0-1"]
[WhiteElo "1630"]
[BlackElo "1570"]
[PlyCount "126"]
[EventDate "2005.??.??"]
[EventType "team-match"]
[EventCountry "FRA"]

1. e4 e6 2. d4 d5 3. exd5 exd5 4. Bd3 Nf6 5. Bf4 c5 6. Bb5+ Nc6 7. Nf3 Qb6 8.
Qe2+ Be7 9. dxc5 Qxc5 10. Nc3 O-O 11. O-O Bg4 12. h3 Nd4 13. Qd3 Nxf3+ 14. gxf3
Bxh3 15. Rfd1 Nh5 16. Be5 Bh4 17. Qe3 Qe7 18. Bf1 Qe6 19. Bxh3 Qxh3 20. f4 Qg4+
21. Kf1 Rfe8 22. Nxd5 Rad8 23. Qb3 Nxf4 24. Bxf4 Qe2+ 25. Kg2 Qxf2+ 26. Kh1
Rxd5 27. Qxd5 Qxf4 28. Rf1 Qe4+ 29. Qxe4 Rxe4 30. b3 Re2 31. c4 Kf8 32. Rg1 g5
33. Rg2 Re7 34. Rd1 f5 35. Rgd2 f4 36. Rd8+ Kf7 37. R1d7 b6 38. Kg2 g4 39.
Rxe7+ Kxe7 40. Rh8 f3+ 41. Kf1 Bf6 42. Rxh7+ Ke6 43. Rh5 Bd4 44. Rg5 a5 45.
Rxg4 Ke5 46. Rg8 Bc5 47. Rg7 Ke4 48. Rg4+ Kd3 49. Rg6 Kc2 50. Rh6 Kb2 51. Rh2+
f2 52. Rh3 Kxa2 53. Rf3 Kb2 54. Rh3 Ka3 55. Rf3 Kb4 56. Rh3 Bd4 57. Rf3 Bc3 58.
Kxf2 Kxb3 59. Rf4 a4 60. Ke2 a3 61. Kd3 a2 62. Rf1 a1=Q 63. Rxa1 Bxa1 0-1

[Event "FRA T.IV"]
[Site "Toulouse"]
[Date "2004.11.07"]
[Round "2"]
[White "Talbot, Remy"]
[Black "Hentzien, Michel"]
[Result "1-0"]
[WhiteElo "1640"]
[BlackElo "1970"]
[PlyCount "122"]
[EventDate "2005.??.??"]
[EventType "team-match"]
[EventCountry "FRA"]

1. d4 Nf6 2. c4 e6 3. Nc3 Bb4 4. Qc2 b6 5. a3 Bxc3+ 6. Qxc3 Ne4 7. Qd3 Bb7 8.
Nf3 d6 9. b4 Nd7 10. g3 f5 11. Bg2 O-O 12. O-O c5 13. Nd2 Ndf6 14. dxc5 dxc5
15. Nxe4 Bxe4 16. Qxd8 Raxd8 17. f3 Bb7 18. Be3 Rc8 19. Rfd1 cxb4 20. axb4 Rxc4
21. Rxa7 Bd5 22. Bxb6 Rb8 23. Bc5 Rc2 24. Bf1 Ra2 25. Rxa2 Bxa2 26. Rd2 Bc4 27.
e3 Bd5 28. Kf2 Nd7 29. e4 fxe4 30. fxe4 Nxc5 31. bxc5 Bxe4 32. Bc4 Kf7 33. Rd7+
Kf6 34. Rd6 Bf5 35. Kf3 h5 36. Rb6 Rc8 37. c6 Ke5 38. Ba6 Rxc6 39. Rxc6 Be4+
40. Ke3 Bxc6 41. Bf1 Bd5 42. Bh3 g5 43. g4 h4 44. Bf1 Bb3 45. Bg2 Bd5 46. Bf1
Bh1 47. Bh3 Kd5 48. Bf1 e5 49. Bh3 e4 50. Bf1 Ke5 51. Be2 Kd5 52. Ba6 Bf3 53.
Bb7+ Ke5 54. Bc8 Bd1 55. Bd7 Bb3 56. Bf5 Be6 57. Bxe6 Kxe6 58. Kxe4 Kf6 59. Kd5
h3 60. Kd6 Kf7 61. Ke5 Kg6 1-0

[Event "FRA T.IV"]
[Site "Toulouse"]
[Date "2005.11.20"]
[Round "2"]
[White "Van Hall, Pieter"]
[Black "Tarayre, Pascal"]
[Result "1-0"]
[WhiteElo "1800"]
[BlackElo "1865"]
[PlyCount "67"]
[EventDate "2005.??.??"]
[EventType "team-match"]
[EventCountry "FRA"]

1. d4 Nf6 2. Bg5 Ne4 3. Bf4 c5 4. f3 Qa5+ 5. c3 Nf6 6. Nd2 d5 7. Nb3 Qb6 8.
dxc5 Qc6 9. e3 Nbd7 10. Ne2 e5 11. Bg3 Bxc5 12. Nxc5 Qxc5 13. Qd2 O-O 14. Nc1
Re8 15. Nb3 Qe7 16. c4 Nb6 17. cxd5 Nbxd5 18. e4 Nb6 19. O-O-O Bd7 20. Qd6
Rac8+ 21. Kb1 Ba4 22. Qxe7 Rxe7 23. Rc1 Rxc1+ 24. Nxc1 Nh5 25. Be1 Rd7 26. b3
Rd1 27. Be2 Rxe1 28. Rxe1 Bc6 29. Nd3 f6 30. g3 g5 31. Nb4 Be8 32. Rd1 Ng7 33.
Rd8 Nd7 34. Bb5 1-0

[Event "FRA T.IV"]
[Site "Toulouse"]
[Date "2005.11.20"]
[Round "2"]
[White "Videau, Yannick"]
[Black "Pfeifer, Andreas"]
[Result "1-0"]
[WhiteElo "1810"]
[BlackElo "2130"]
[PlyCount "125"]
[EventDate "2005.??.??"]
[EventType "team-match"]
[EventCountry "FRA"]

1. e4 e6 2. d4 d5 3. Nc3 Bb4 4. e5 c5 5. a3 Bxc3+ 6. bxc3 Ne7 7. Nf3 Nbc6 8.
Bd3 c4 9. Be2 Qa5 10. O-O Qa4 11. Rb1 O-O 12. Nh4 b6 13. f4 Bd7 14. g4 f6 15.
exf6 Rxf6 16. Nf3 Raf8 17. Ne5 Nxe5 18. fxe5 Rxf1+ 19. Bxf1 Be8 20. h4 Bg6 21.
Rb4 Qxc2 22. Qxc2 Bxc2 23. Rb2 Bd1 24. Rf2 Bxg4 25. a4 Rxf2 26. Kxf2 Nf5 27.
Ba3 Bd1 28. Bh3 Kf7 29. Bxf5 exf5 30. a5 b5 31. a6 b4 32. Bxb4 Ba4 33. Kg3 Bb5
34. Bc5 Bxa6 35. Bxa7 Bc8 36. Kf4 Kg6 37. Bc5 Be6 38. Bd6 Kh5 39. Be7 h6 40.
Bd8 Kg6 41. Be7 Kf7 42. Bc5 g5+ 43. hxg5 h5 44. Ba3 h4 45. Bc1 Kg6 46. Bd2 h3
47. Kg3 Kh5 48. Bf4 h2 49. Kxh2 Kg4 50. Bc1 Kf3 51. Kh3 f4+ 52. Kh4 Ke4 53. g6
Kd3 54. Bxf4 Kxc3 55. Kg5 Kxd4 56. Kf6 Ke4 57. Kxe6 Kxf4 58. g7 c3 59. g8=Q d4
60. Qc8 Ke3 61. Qc4 Kd2 62. Qxd4+ Kc2 63. Qxc3+ 1-0

[Event "FRA T.IV"]
[Site "Toulouse"]
[Date "2005.11.20"]
[Round "2.1"]
[White "Arlabosse, Nicolas"]
[Black "Vialaret, Laurent"]
[Result "0-1"]
[WhiteElo "1841"]
[BlackElo "2081"]
[PlyCount "100"]
[EventDate "2005.??.??"]
[EventType "team-match"]
[EventCountry "FRA"]

1. e4 e5 2. Nf3 Nc6 3. d4 d6 4. dxe5 Nxe5 5. Nxe5 dxe5 6. Qxd8+ Kxd8 7. Bc4 f6
8. Be3 c6 9. a4 Nh6 10. h3 Bb4+ 11. c3 Bd6 12. O-O Ke7 13. Nd2 b6 14. a5 b5 15.
Ba2 Nf7 16. Nb3 Be6 17. Nc5 Bxa2 18. Rxa2 g5 19. b3 Bxc5 20. Bxc5+ Ke6 21. Rd2
Rhd8 22. Rfd1 a6 23. Bb6 Rxd2 24. Rxd2 h5 25. g3 Nd6 26. f3 g4 27. hxg4 hxg4
28. Kg2 Rh8 29. Bc7 gxf3+ 30. Kxf3 Nf7 31. Kg2 Rc8 32. Bb6 Ng5 33. Re2 Rh8 34.
Re1 Rh7 35. Re3 Rd7 36. b4 Rd2+ 37. Kf1 f5 38. exf5+ Kxf5 39. Bc7 e4 40. Bf4
Nh3 41. Bc7 Rc2 42. Bd6 Ng5 43. Bc7 Nf3 44. g4+ Kg5 45. Bd6 Nd2+ 46. Ke1 Nc4
47. Be7+ Kxg4 48. Rxe4+ Kf3 49. Rd4 Ne3 50. c4 Re2# 0-1

[Event "FRA T.IV"]
[Site "Toulouse"]
[Date "2005.11.20"]
[Round "2.1"]
[White "Nivat, Alain"]
[Black "De Barros, Frederic"]
[Result "0-1"]
[WhiteElo "1886"]
[BlackElo "2073"]
[PlyCount "40"]
[EventDate "2005.??.??"]
[EventType "team-match"]
[EventCountry "FRA"]

1. e4 Nf6 2. Nc3 d5 3. e5 Nfd7 4. e6 fxe6 5. d4 c5 6. dxc5 Nc6 7. Nf3 g6 8. h4
Bg7 9. h5 Nxc5 10. hxg6 hxg6 11. Rxh8+ Bxh8 12. Bd3 Kd7 13. Bc4 Bxc3+ 14. bxc3
Qh8 15. Kf1 Qxc3 16. Bxd5 exd5 17. Qxd5+ Kc7 18. Bf4+ e5 19. Nxe5 Qxa1+ 20. Ke2
Qd4 0-1